000 00453cam a2200145 4500500
005 20250921004703.0
041 _afre
042 _adc
100 1 0 _aMouton, Nicolas
_eauthor
245 0 0 _aPages de début
260 _c2015.
500 _a66
786 0 _nLa Nouvelle Revue française | 615 | 5 | 2015-11-13 | p. 1-3 | 0029-4802
856 4 1 _uhttps://shs.cairn.info/revue-la-nouvelle-revue-francaise-2015-5-page-1?lang=fr&redirect-ssocas=7080
999 _c1508137
_d1508137